000 00308nam a22001337a 4500
003 SGT
082 _a362.1
_bSIN
100 _aSINGH, NITU
245 _aSOCIAL AND PREVENTIVE PHARMACY
260 _aINDIA
_bPEE VEE PUB.
_c2019
300 _a171
650 _aSOCIAL AND PREVENTIVE PHARMACY
942 _2ddc
_cBK
999 _c32474
_d32474